Wagner /

Bibliographic Details
Main Author: Jacobs, Robert Louis
Format: Book
Language:English
Published: New York : Pellegrini and Cudahy, 1949.
Edition:3rd ed.
Series:Master musicians series. New series.
Subjects:

MARC

Tag First Indicator Second Indicator Subfields
LEADER 00000cam a2200000I 4500
001 in00000024111
005 20151007061023.0
008 750929s1949 nyua b 001 0beng d
035 |a (OCoLC)ocm07705221 
035 |a (OCoLC)07705221 
035 |9 AAD0859AM 
040 |a PLF  |c PLF  |d MUU  |d OCL  |d TXA  |d UtOrBLW 
049 |a TXAM [174368] 
090 |a ML410.W1  |b J17 1949 
100 1 |a Jacobs, Robert Louis. 
245 1 0 |a Wagner /  |c by Robert L. Jacobs. 
250 |a 3rd ed. 
264 1 |a New York :  |b Pellegrini and Cudahy,  |c 1949. 
300 |a 268 pages :  |b illustrations ;  |c 18 cm. 
336 |a text  |b txt  |2 rdacontent 
337 |a unmediated  |b n  |2 rdamedia 
338 |a volume  |b nc  |2 rdacarrier 
490 1 |a Master musicians. New series 
500 |a Series title in part at head of t.-p. 
500 |a "Catalogue of works": pages 212-215. 
504 |a Bibliography: pages 222-229. 
504 |a "Catalogue of works": pages 212-215. 
504 |a "Selected list of literary works": pages 230-232. 
600 1 0 |a Wagner, Richard,  |d 1813-1883. 
650 0 |a Music  |z Germany  |y 19th century  |v Biography. 
830 0 |a Master musicians series.  |p New series. 
994 |a E0  |b TXA 
999 |a MARS 
999 f f |s 45c4fc68-5af4-3dbc-af98-8e6d40a13c85  |i 7244e8c5-a955-333e-a323-eb1ea0026a17  |t 0 
952 f f |p ric  |a Texas A&M University  |b Rellis Campus  |c Joint Library Facility  |d Remote Storage  |t 0  |e ML410.W1 J17 1949  |h Library of Congress classification  |i unmediated -- volume  |m A14801168361 
998 f f |a ML410.W1 J17 1949  |t 0  |l Remote Storage